Los filósofos y las máquinas 1400-1700
Saved in:
| Hovedforfatter: | |
|---|---|
| Format: | Bog |
| Sprog: | spansk |
| Udgivet: |
Barcelona
Labor
1966
|
| Serier: | Nueva Colección Labor, 11
|
| Fag: | |
| Tags: |
Tilføj Tag
Ingen Tags, Vær først til at tagge denne postø!
|
MARC
| LEADER | 00000nam a2200000 a 4500 | ||
|---|---|---|---|
| 001 | UCZ3942 | ||
| 003 | CL-VaPUC | ||
| 008 | 951027e19660000SP |||||||||||||||||spa|d | ||
| 082 | 0 | 4 | |a 501 |b ROS |2 21 |
| 100 | 0 | |a Rossi, Paolo |e author |9 347794 | |
| 245 | 1 | 4 | |a Los filósofos y las máquinas 1400-1700 |
| 300 | |a 177 p | ||
| 942 | |c BK | ||
| 945 | |d 19951027 00:00:00 |a lriquelm | ||
| 260 | |a Barcelona |b Labor |c 1966 | ||
| 650 | 0 | |a Filosofía de las ciencias |9 256466 | |
| 650 | 0 | |a Progreso científico |9 347795 | |
| 650 | 7 | |a INNOVACIONES TECNOLOGICAS |2 CL-VaPUC |9 347796 | |
| 583 | |a last modification |c 20160914 11:54:11 |k Rodrigo Vera | ||
| 490 | 0 | |a Nueva Colección Labor, 11 | |
| 999 | |c 240382 |d 240380 | ||
| 952 | |0 0 |1 0 |4 0 |6 501_000000000000000_ROS_1966 |7 0 |8 P |9 252231 |a BIBEDU |b BIBEDU |c BIBEDU_PB |d 2019-11-18 |i 1592599 |o 501 ROS 1966 |p 1592599 |r 2024-01-25 |w 2019-11-18 |y BK |k FIL | ||